000 00863nam a2200241 i 4500
001 bg
003 BPK
005 20191122083042.0
008 150520s1981 pl a g 001 1 pol
015 _aPB 1982/459
020 _a8304007843
040 _aWA N
_cBPK
080 _a821.111(091)
100 1 _aMroczkowski, Przemysław
_d(1915-2002).
245 1 0 _aHistoria literatury angielskiej :
_bzarys /
_cPrzemysław Mroczkowski.
260 _aWrocław [etc.] :
_bZakład Narodowy im. Ossolińskich,
_c1981.
300 _a627 s. :
_bil. ;
_c21 cm.
504 _aBibliogr. s. [594]-607. Indeks.
655 4 _aLiteratura angielska
_xhistoria.
710 2 _aZakład Narodowy im. Ossolińskich
_bWydawnictwo
_4pbl.
856 _uhttp://koha.tu.koszalin.pl/cgi-bin/koha/opac-detail.pl?biblionumber=23287
_yKatalog online BPK
942 _2UKD
_cKS
999 _c23287
_d23287